000 00874nam a22002897a 4500
001 BR7100658
003 BR-BrBNA
005 20230928083709.0
007 ta
008 230509b bl.||||| |||| 00| 0 por d
040 _aBR-BrBNA
_bpor
_cBiblioteca Nacional de Agricultura
041 _a(Por)
072 _aE10
_b/G514
090 _ E10 BR7100658
100 1 _aDuarte, J.C.
110 1 _aEscola Superior de Agricultura Luiz de Queiroz, Piracicaba, SP (Brasil)
_0Tese (Mestre)
245 1 _aAspectos da distribuicao da renda no Brasil em 1970
260 3 _aPiracicaba, SP (Brasil):
_c1971.
300 _a85 p.
500 _a5 illus.; 10 tables; Bibliography p. 59-64 (53 ref.); Summary (Por)
650 _aMacroeconomia
650 _aRenda
650 _aEconometria
650 _aDistribuicao de renda
909 _a202309
_bLucia
_c55
_dLucia Elande
942 _cBK
999 _c14833
_d14833